• 首页
  • 本馆介绍
  • 公告通知
  • 最新文献
  • 馆藏检索
  • 电子资源
  • 读者导购
  • 参考咨询
  • 我的图书馆
  • 登录
  • 详细信息显示
  • 放入我的书架
  • 预约/预借图书
  • 作者相关作品
  • 分类相关作品
  • 丛书相关作品
  • 出版社相关作品

书目信息

  • 表格格式
  • 工作单格式
  • 卡片格式
题名:
国际贸易法
    
 
作者: 韩永红 编著
分册:  
出版信息: 北京   对外经济贸易大学出版社  2013
页数: 338页
开本: 23cm
丛书名:
单 册:
中图分类: D996.1 , D996.1:H31
科图分类:
主题词: 贸易法--高等学校--教材--英文 , 国际法
电子资源:
ISBN: 978-7-5663-0844-3
000 01253nam0 2200313 450
001 1529762265
005 20150604100953.20
010    @a978-7-5663-0844-3@dCNY39.00
090    @aD99@bhyh
096    @aD99@bhyh
100    @a20131212d2013 em y0chiy50 ea
101 0  @aeng@gchi
102    @aCN@b110000
105    @ay z 000yy
106    @ar
200 1  @a国际贸易法@b专著@dInternational trade law@e英文版@f韩永红编著@Aguo ji mao yi fa@zeng
205    @a2版
210    @a北京@c对外经济贸易大学出版社@d2013
215    @a338页@d23cm
300    @a全国高等院校经管专业双语教材 全国高等院校商务英语专业规划教材(本科)
330    @a本书共设十章:国际贸易的法律环境、国际货物买卖法律制度、国际货物运输法律制度、国际贸易支付法律制度、国际技术转让法律制度、国际电子商务法律制度、世界贸易组织法律制度、各国管理贸易的法律制度、国际商事争议解决法律制度。每章包括“内容大纲”、“热身问题”、“正文”、“小结”和“练习”。
510 1  @aInternational trade law@zeng
606 0  @a贸易法@x高等学校@j教材@j英文
606 0  @a国际法
690    @aD996.1@v5
690    @aD996.1:H31@v4
701  0 @a韩永红@f(1976~)@4编著@Ahan yong hong
801  0 @aCN@b大连网信软件有限公司图书馆·11@c20150604
905    @aZUCC@dD996.1:H31@e136=22
    
    国际贸易法=International trade law:英文版/韩永红编著.-2版 .-北京:对外经济贸易大学出版社,2013
    338页;23cm
    全国高等院校经管专业双语教材 全国高等院校商务英语专业规划教材(本科)
    
    ISBN 978-7-5663-0844-3:CNY39.00
    本书共设十章:国际贸易的法律环境、国际货物买卖法律制度、国际货物运输法律制度、国际贸易支付法律制度、国际技术转让法律制度、国际电子商务法律制度、世界贸易组织法律制度、各国管理贸易的法律制度、国际商事争议解决法律制度。每章包括“内容大纲”、“热身问题”、“正文”、“小结”和“练习”。
●
相关链接 在E读中查询图书 在五车中查询图书 在当当中查询图书 在豆瓣中查询图书


正题名:国际贸易法     索取号:D996.1:H31/136=22         预约/预借

序号 登录号 条形码 馆藏地/架位号 状态 备注
1 0627662   206276625   第一样本阅览室/ [索取号:D996.1:H31/136=22] 在馆    
2 0627663   206276634   第一借阅区/ [索取号:D996.1:H31/136=22] 在馆    
3 0627664   206276643   第一借阅区/ [索取号:D996.1:H31/136=22] 在馆    
唐山师范学院图书馆 欢迎您!
大连网信软件有限公司© 版权所有